Statistics for Guess the artist - music

Click here to take the quiz!

General Stats

  • This quiz has been taken 120 times
    (101 since last reset)
  • The average score is 13 of 25

Answer Stats

song titleAnswer% Correct
ARolling in the deepAdele
99%
BUptown funkBruno Mars
98%
SChandelierSIA
92%
QI want to break freeQueen
81%
MPayphoneMaroon 5
80%
NStar shipsNicki Minaj
70%
PSo WhatPink
69%
J99 problemsJay Z
63%
RRude BoyRihanna
61%
UYeah Yeah YeahUsher
59%
ZPillow talkZayn Malik
59%
KSex on fireKings of leon
56%
WCant feel my faceThe Weeknd
56%
IFancyIggy Azalea
55%
FWork from homeFifth Harmony
53%
OCheerleaderOMI
53%
EBurnEllie Goulding
51%
LBlack magicLittle Mix
47%
HTake me to churchHosier
24%
DFind your loveDrake
20%
CMy goodiesCiara
19%
VAll nightVamps
15%
TMiami to ibizaTinie Tempah
8%
GOut of reachGabriele
6%
YWho do you loveYG
5%

Score Distribution

Percentile by Number Answered

Percent of People with Each Score

Your Score History

You have not taken this quiz since the last reset